00330nam a2200133 a 45000010010000000030011000100080041000210350026000620820014000881000020001022450021001222600036001436500017001790000-9322ELIB.Books110520 1955  a(ELIB.Books)0000-9474 a232 bPhi aPhillips, J. B. aWhen God was Man bNew York: Abingdon Press c1955 aJesus Christ